000 00430nam a2200169Ia 4500
008 230711s9999||||xx |||||||||||||| ||und||
020 _a978-0-415-55364-3
041 _aENG
082 _a711.5
_bTR-C
100 _aBanerjee,Tridib
245 0 _aCompanion to Urban Design : Routledge
250 _a1st Ed.
260 _c2014
_aLondon
_bRoutledge Taylor & Franic Group
300 _a709p.
650 _aArchitecture
942 _cBK
999 _c6521
_d6521